| 000 | 00874nam a22002177a 4500 | ||
|---|---|---|---|
| 003 | OSt | ||
| 005 | 20260310062523.0 | ||
| 008 | 260310b |||||||| |||| 00| 0 eng d | ||
| 020 | _a 0-448-09515-7 | ||
| 040 |
_aDWCL GS lib _cOC |
||
| 082 | _2K26h 1972 | ||
| 100 | _aCAROLYN KEENE | ||
| 245 |
_aThe haunted bridge _cCAROLYN KEENE |
||
| 260 |
_aNew York _b Grosset & Dunlap _c1972 |
||
| 300 | _avii, 180 pages: | ||
| 520 | _aIn The Haunted Bridge, Nancy Drew investigates strange happenings around an old bridge that is rumored to be haunted. She is asked to help a friend whose family is being troubled by mysterious accidents and frightening noises near the bridge. | ||
| 546 | _aEnglish | ||
| 650 | _2Be observant and careful, Persevere until the problem is solved | ||
| 650 | _2Bravery and intelligence, Crime has consequences | ||
| 942 |
_2ddc _cFIC. _hFic. _n0 |
||
| 999 |
_c8865 _d8865 |
||